| 000 | 00473nam a22001937a 4500 | ||
|---|---|---|---|
| 003 | MPLRDC | ||
| 005 | 20220104143100.0 | ||
| 008 | 210129b ||||| |||| 00| 0 eng d | ||
| 020 | _a957-32-1227-7 | ||
| 082 | _a857.8 XSG v.59 c.2 | ||
| 100 | _a扎西达娃 | ||
| 245 |
_a西藏, 隐秘岁月 _c |
||
| 250 | _a初版一刷 | ||
| 260 |
_a _b远流出版公司 _c1991 |
||
| 300 | _b平 | ||
| 490 | _a小说馆. 59 | ||
| 650 | _a小说 | ||
| 942 |
_cBK _o857.8 XSG v.59 c.2 |
||
| 999 |
_c36453 _d36443 |
||